| 000 | 00935nam a2200277 a 4500 | ||
|---|---|---|---|
| 999 |
_c5004 _d5004 |
||
| 001 | 9628331 | ||
| 003 | OSt | ||
| 005 | 20181219131852.0 | ||
| 008 | 830621s1971 ilu b 001 0 eng d | ||
| 020 | _a0226653714 | ||
| 040 |
_aMOG _cMOG _dm/c _dOBE |
||
| 082 |
_a230 _bP384E |
||
| 099 | _a230.09P363Ch, v.1 | ||
| 100 | 1 |
_aPelikan, Jaroslav, _d1923-2006 |
|
| 245 | 1 | 4 |
_aThe emergence of the Catholic tradition (100-600) / _cJaroslav Pelikan |
| 260 |
_aChicago : _bUniversity of Chicago Press, _cc1971 |
||
| 300 |
_axxiii, 394 p. ; _c24 cm |
||
| 490 | 1 |
_aThe Christian tradition ; _vv. 1 |
|
| 500 | _aIncludes indexes | ||
| 504 | _aBibliography: p. 358-376 | ||
| 610 | 2 | 0 |
_aCatholic Church _xDoctrines |
| 650 | 0 |
_aTheology, Doctrinal _xHistory _yEarly church, ca. 30-600 |
|
| 650 | 0 |
_aChurch history _yPrimitive and early church, ca. 30-600 |
|
| 800 | 1 |
_aPelikan, Jaroslav, _d1923-2006. _tChristian tradition ; _vv. 1 |
|
| 942 |
_2ddc _cBK |
||